000 00324nam a2200133Ia 4500
008 191201s2001 xx 000 0 und d
082 _a677.02828
_bADH
100 _aADANUR, Sabit
245 0 _aHand Book of Weaving
260 _aLondan
_bWoodhead Publisher
_c2001
300 _a436
650 _aB.Tech(TE)
942 _2ddc
_cBK
999 _c3965
_d3965